• 首页
  • 本馆介绍
  • 公告通知
  • 最新文献
  • 馆藏检索
  • 电子资源
  • 读者导购
  • 参考咨询
  • 我的图书馆
  • 登录
  • 详细信息显示
  • 放入我的书架
  • 预约/预借图书
  • 作者相关作品
  • 分类相关作品
  • 丛书相关作品
  • 出版社相关作品

书目信息

  • 表格格式
  • 工作单格式
  • 卡片格式
题名:
小麦全蚀病及其防治
    
 
作者: 郝祥之 编著
分册:  
出版信息: 上海   上海科学技术出版社  1982
页数: 140页
开本: 19cm
丛书名: 农作物病虫害及其防治丛书
单 册:
中图分类: S435.121.4
科图分类:
主题词: 小麦-全蚀病--防治 , 全蚀病-小麦--防治
电子资源:
ISBN: 16119.748
000 00772oam2 2200265 450
001 0182010221
005 20100712220329.0
010    @a16119.748@dCNY0.38
091    @a16119.748
100    @a19950704d1982 em y0chiy0110 ea
101 0  @achi
102    @aCN@b310000
105    @ay z 000yy
106    @ar
200 1  @a小麦全蚀病及其防治@9Xiao Mai Quan Shi Bing Ji Qi;Ji Fang Zhi @f郝祥之等编著
210    @a上海@c上海科学技术出版社@d1982
215    @a140页@d19cm
225 2  @a农作物病虫害及其防治丛书
461  0 @12001 @a农作物病虫害及其防治丛书
606 0  @a小麦-全蚀病@x防治
606 0  @a全蚀病-小麦@x防治
690    @aS435.121.4@v3
701  0 @a郝祥之@9hao xiang zhi@4编著
801  0 @aCN@b91MARC@c20130904
905    @aBZT@dS435.12@e386@f3@sS435.12/386
    
    小麦全蚀病及其防治/郝祥之等编著.-上海:上海科学技术出版社,1982
    140页;19cm.-(农作物病虫害及其防治丛书)
    
    
    ISBN 16119.748:CNY0.38
    
●
相关链接 在五车中查询图书 在当当中查询图书 在豆瓣中查询图书


正题名:小麦全蚀病及其防治     索取号:S435.12/386         预约/预借

序号 登录号 条形码 馆藏地/架位号 状态 备注
1 2000113926   2000113926   旧书回溯/ [索取号:S435.12/386] 在馆    
2 2000116240   2000116240   旧书回溯/ [索取号:S435.12/386] 在馆    
3 2000116241   2000116241   旧书回溯/ [索取号:S435.12/386] 在馆    
山东省滨州职业学院图书馆 欢迎您!
大连网信软件有限公司© 版权所有